第75回皐月賞出走馬 - Statistics

General Stats
  • This quiz has been taken 15 times
  • The average score is 4 of 15
Answer Stats
着順 枠番 馬番 馬名 性齢 騎手名 単勝
人気
% Correct
3 4 7 キタサンブラック 牡3 浜中俊 4
100%
1 2 2 ドゥラメンテ 牡3 M.デムーロ 3
92%
6 5 8 サトノクラウン 牡3 C.ルメール 1
75%
2 3 5 リアルスティール 牡3 福永祐一 2
67%
10 7 13 コメート 牡3 嘉藤貴行 15
17%
11 8 15 ダノンプラチナ 牡3 蛯名正義 5
17%
4 1 1 ブライトエンブレム 牡3 田辺裕信 6
8%
5 8 14 クラリティスカイ 牡3 横山典弘 10
8%
7 5 9 ミュゼエイリアン 牡3 柴山雄一 11
8%
8 6 11 ダノンリバティ 牡3 岩田康誠 9
8%
9 2 3 スピリッツミノル 牡3 酒井学 8
8%
12 6 10 ベルーフ 牡3 戸崎圭太 7
8%
13 4 6 タガノエスプレッソ 牡3 菱田裕二 12
8%
14 7 12 ベルラップ 牡3 三浦皇成 13
8%
15 3 4 ワンダーアツレッタ 牡3 柴田大知 14
8%
No matching quizzes found
Score Distribution
Percent of People with Each Score
Percentile by Number Answered
Your Score History
You have not taken this quiz